El cerebro, ese desconocido
保存先:
| 第一著者: | |
|---|---|
| フォーマット: | 図書 |
| 言語: | スペイン語 |
| 出版事項: |
Madrid
Doncel
1972
|
| 版: | 1a. ed |
| シリーズ: | Libro Joven de Bolsillo, 28
|
| 主題: | |
| タグ: |
タグ追加
タグなし, このレコードへの初めてのタグを付けませんか!
|
MARC
| LEADER | 00000cam a2200000 a 4500 | ||
|---|---|---|---|
| 001 | UCG9170 | ||
| 003 | CL-VaPUC | ||
| 008 | 120127e19720000SP |||||||||||||||||spa|d | ||
| 082 | 0 | 4 | |a 612.825 |b ALV |2 21 |
| 100 | 0 | |a Alvarez Villar, Alfonso |e author |9 560620 | |
| 245 | 1 | 3 | |a El cerebro, ese desconocido |
| 250 | |a 1a. ed | ||
| 300 | |a 209 p | ||
| 942 | |c BK | ||
| 945 | |d 20120127 00:00:00 |a dcastane | ||
| 260 | |a Madrid |b Doncel |c 1972 | ||
| 650 | 7 | |a CEREBRO HUMANO |2 CL-VaPUC |9 560621 | |
| 650 | 0 | |a Investigación científica |9 259857 | |
| 583 | |a last modification |c 20120127 09:50:00 |k Rodrigo Vera | ||
| 490 | 0 | |a Libro Joven de Bolsillo, 28 | |
| 999 | |c 346737 |d 346735 | ||
| 952 | |0 0 |1 0 |4 0 |6 612_825000000000000_ALV_1972 |7 0 |8 P |9 447553 |a BIBEDU |b BIBEDU |c BIBEDU_PB |d 2019-11-22 |i 4837096 |o 612.825 ALV 1972 |p 4837096 |r 2024-01-25 |w 2019-11-22 |y BK |k EDI | ||